Countries on the Atlantic without blue in their flag - Statistics

General Stats
  • This quiz has been taken 52 times
  • The average score is 19 of 26
Answer Stats
Answer % Correct
Ireland
90%
Morocco
87%
Canada
85%
Angola
83%
Guinea
83%
Ghana
81%
Senegal
81%
Benin
79%
Ivory Coast
79%
Jamaica
79%
Trinidad and Tobago
79%
Guyana
77%
Nigeria
77%
Guinea-Bissau
75%
Togo
75%
Sao Tome and Principe
73%
Suriname
73%
Dominica
71%
Grenada
71%
St. Kitts and Nevis
71%
Cameroon
69%
Mauritania
69%
Denmark
65%
Belgium
56%
Germany
54%
Republic of the Congo
19%
No matching quizzes found
Score Distribution
Percent of People with Each Score
Percentile by Number Answered
Your Score History
You have not taken this quiz